000 00484nam a2200169Ia 4500
008 090711s9999 xx 000 0 und d
082 _b72704
100 _aबेलसरे केशव वि.
245 _aनामसाधना
260 _c1983
300 _a64
600 _aबेलसरे केशव वि.
630 _aनामसाधना
700 _aबेलसरे केशव वि.
730 _aनामसाधना
942 _cBOOK
999 _c283819
_d283819